[Event "La Fere op 6th"]
[Site "La Fere"]
[Date "2007.07.11"]
[Round "6"]
[White "Delorme, Laurie"]
[Black "Holland, Christophe"]
[Result "1-0"]
[WhiteElo "2040"]
[BlackElo "1756"]
[PlyCount "29"]
[EventDate "2007.07.07"]
[EventType "swiss"]
[EventRounds "9"]
[EventCountry "FRA"]
[SourceTitle "CBM 119 Extra"]
[Source "ChessBase"]
[SourceDate "2007.09.04"]
[SourceVersion "1"]
[SourceVersionDate "2007.09.04"]
[SourceQuality "1"]

1. d4 d5 2. Nf3 Nf6 3. c4 c6 4. Nc3 dxc4 5. e4 b5 6. e5 Nd5 7. a4 Nxc3 8. bxc3 Bb7 9. e6 fxe6 10. Ng5 Qd5 11. Be2 Bc8 12. Be3 Qd6 13. Bg4 Nd7 14. Nxe6 Nf6 15. Bf4 1-0

[Event "Cappelle op 23rd"]
[Site "Cappelle la Grande"]
[Date "2007.03.05"]
[Round "4"]
[White "Holland, Christophe"]
[Black "Seret, Jean Luc"]
[Result "0-1"]
[WhiteElo "1755"]
[BlackElo "2378"]
[PlyCount "36"]
[EventDate "2007.03.03"]
[EventType "swiss"]
[EventRounds "9"]
[EventCountry "FRA"]
[SourceTitle "EXT 2021"]
[Source "ChessBase"]
[SourceDate "2020.10.23"]
[SourceVersion "1"]
[SourceVersionDate "2020.10.23"]
[SourceQuality "1"]

1. d4 d6 2. Nf3 g6 3. Bf4 Bg7 4. c3 Nd7 5. e3 e5 6. dxe5 dxe5 7. Bg5 f6 8. Bh4 Nh6 9. Bc4 Nb6 10. Qxd8+ Kxd8 11. Na3 Nf5 12. 0-0-0+ Ke7 13. Bg3 Nxc4 14. Nxc4 b6 15. Nfxe5 fxe5 16. Nxe5 Nxg3 17. Nc6+ Ke6 18. hxg3 Bb7 0-1

[Event "Bethune op-A 27th"]
[Site "Bethune"]
[Date "2006.12.29"]
[Round "6"]
[White "Renard, Stephane"]
[Black "Holland, Christophe"]
[Result "1-0"]
[WhiteElo "2013"]
[BlackElo "1720"]
[PlyCount "27"]
[EventDate "2006.12.26"]
[EventType "swiss"]
[EventRounds "9"]
[EventCountry "FRA"]
[SourceTitle "EXT 2020"]
[Source "ChessBase"]
[SourceDate "2019.10.17"]
[SourceVersion "1"]
[SourceVersionDate "2019.10.17"]
[SourceQuality "1"]

1. f4 d5 2. Nf3 Nf6 3. e3 Bf5 4. b3 e6 5. Bb2 Bd6 6. Nc3 0-0 7. Ne2 c5 8. Ng3 Nc6 9. Bb5 Re8 10. Bxc6 bxc6 11. Nxf5 exf5 12. 0-0 Qb6 13. Bxf6 gxf6 14. Nh4 1-0

[Event "La Fere op 5th"]
[Site "La Fere"]
[Date "2006.07.10"]
[Round "3"]
[White "Molet, Asher"]
[Black "Holland, Christophe"]
[Result "1-0"]
[WhiteElo "1990"]
[BlackElo "1751"]
[PlyCount "59"]
[EventDate "2006.07.08"]
[EventType "swiss"]
[EventRounds "9"]
[EventCountry "FRA"]
[SourceTitle "CBM 113 Extra"]
[Source "ChessBase"]
[SourceDate "2006.09.14"]
[SourceVersion "1"]
[SourceVersionDate "2006.09.14"]
[SourceQuality "1"]

1. d4 d5 2. Nf3 Nf6 3. e3 Bg4 4. h3 Bh5 5. g4 Bg6 6. Ne5 Nbd7 7. Nxg6 hxg6 8. Nc3 e6 9. Bg2 c6 10. Qe2 Qc7 11. Bd2 Bd6 12. 0-0-0 0-0-0 13. Kb1 e5 14. Rhe1 e4 15. Rc1 Nb6 16. Nd1 Nc4 17. Bc3 Rde8 18. b3 Na3+ 19. Ka1 Nb5 20. Bb2 Qa5 21. c4 dxc4 22. bxc4 Nc7 23. Bc3 Bb4 24. Bxb4 Qxb4 25. Rb1 Qe7 26. Nc3 g5 27. Rb3 Na6 28. Reb1 b6 29. c5 bxc5 30. Qxa6+ 1-0

[Event "Bethune op"]
[Site "Bethune"]
[Date "2005.07.07"]
[Round "7"]
[White "Koscielny, Edmond"]
[Black "Holland, Christophe"]
[Result "1/2-1/2"]
[WhiteElo "1884"]
[BlackElo "1782"]
[PlyCount "114"]
[EventDate "2005.07.02"]
[EventType "swiss"]
[EventRounds "9"]
[EventCountry "FRA"]
[SourceTitle "CBM 107 Extra"]
[Source "ChessBase"]
[SourceDate "2005.09.01"]
[SourceVersion "1"]
[SourceVersionDate "2005.09.01"]
[SourceQuality "1"]

1. e4 c6 2. d4 d5 3. Nc3 dxe4 4. Nxe4 Nd7 5. Nf3 Ngf6 6. Ng3 Nb6 7. b3 Bg4 8. Be2 e6 9. 0-0 Bd6 10. c4 c5 11. dxc5 Bxc5 12. h3 Bxf3 13. Bxf3 Qc7 14. Ne2 Rd8 15. Qc2 h5 16. Bb2 Ng4 17. g3 Nf6 18. Bxf6 gxf6 19. Qe4 Rd2 20. Qf4 Qxf4 21. Nxf4 h4 22. g4 Ke7 23. Ng2 Nd7 24. Ne3 Rd8 25. Rae1 b6 26. a3 Ne5 27. Kg2 a5 28. Be4 Rb2 29. b4 axb4 30. axb4 Rxb4 31. f4 Rb2+ 32. Kh1 Bxe3 33. Rxe3 Nxc4 34. Rc3 Rd4 35. Bd3 Ne3 36. Ra1 Kf8 37. f5 exf5 38. gxf5 Rf4 39. Rc8+ Ke7 40. Ra7+ Kd6 41. Rxf7 Nxf5 42. Rxf6+ Ke5 43. Rxf5+ Rxf5 44. Bxf5 Kxf5 45. Rf8+ Kg5 46. Rg8+ Kh5 47. Rh8+ Kg5 48. Rg8+ Kf4 49. Rg4+ Kf3 50. Kg1 b5 51. Rxh4 Kg3 52. Rg4+ Kxh3 53. Rg8 b4 54. Kf1 b3 55. Rb8 Kg4 56. Ke1 Kf4 57. Kd1 Ke3 1/2-1/2